000 00392 a2200157 4500
020 _a8122903185
040 _aDLC
_bDLC
082 _a 301
100 _aDavis, Kingsley.
245 _aHuman Society
_cDavis, Kingsley
260 _aNew Delhi:
_bSurjeet Publications,
_c2007.
300 _a 655p.
_b ill:
_c22cm;
500 _aIncludes Index
650 _aSociology.
942 _cBK
_k301 DAV
_2ddc
999 _c7074
_d7074